[Event "DEM U12/U12w 2009"]
[Site "Willingen GER"]
[Date "2009.05.31"]
[Round "2"]
[White "Lerch, Philipp"]
[Black "Richter, Leonard"]
[Result "1-0"]
[Termination "normal"]
[Board "7"]
[WhiteElo "1900"]
[BlackElo "1553"]
[PlyCount "57"]
[WhiteFideId "4654129"]
[BlackFideId "12900290"]
[EventCountry "GER"]
[EventRounds "11"]
[EventType "swiss"]
[EventDate "2009.05.30"]

1. e4 c6 2. d4 d5 3. Nd2 dxe4 4. Nxe4 Nd7 5. Nf3 Ngf6 6. Ng3 e6 7. Bd3 Nb6 8.
O-O c5 9. c3 Bd7 10. Bg5 Rc8 11. Re1 Be7 12. Qd2 O-O 13. dxc5 Rxc5 14. Bxf6
Bxf6 15. Ne4 Rc7 16. Nxf6+ Qxf6 17. Ng5 h6 18. Nh7 Qe7 19. Nxf8 Kxf8 20. Rac1
Bc6 21. c4 Rd7 22. Qe3 Qf6 23. b3 Rd4 24. f3 Rf4 25. Be4 Bxe4 26. fxe4 Ke8 27.
Qd4 e5 28. Qd2 g5 29. c5 1-0

[Event "DEM U12/U12w 2009"]
[Site "Willingen GER"]
[Date "2009.05.31"]
[Round "2"]
[White "Pixa, Richard"]
[Black "Grigorian, Spartak"]
[Result "1-0"]
[Termination "normal"]
[Board "8"]
[WhiteElo "1788"]
[BlackElo "1765"]
[PlyCount "125"]
[WhiteFideId "4626095"]
[BlackFideId "24661490"]
[EventCountry "GER"]
[EventRounds "11"]
[EventType "swiss"]
[EventDate "2009.05.30"]

1. e4 c5 2. Nf3 d6 3. d4 cxd4 4. Nxd4 Nf6 5. Nc3 a6 6. g3 b5 7. a3 Bb7 8. Bg2
Nbd7 9. O-O e6 10. Re1 Be7 11. e5 dxe5 12. Bxb7 exd4 13. Bxa8 Qxa8 14. Qxd4 Bc5
15. Qd1 h5 16. Be3 Bxe3 17. Rxe3 h4 18. Qf3 Qxf3 19. Rxf3 Ne5 20. Rf4 hxg3 21.
hxg3 Ke7 22. Kg2 g5 23. Rd4 Nfg4 24. Rh1 Rxh1 25. Kxh1 Nxf2+ 26. Kg2 Nfg4 27.
Nd1 f5 28. b3 Nc6 29. Rd3 Nf6 30. c4 bxc4 31. bxc4 Ne4 32. Nf2 Ne5 33. Rd4 Nc5
34. Rd1 Ke8 35. Rd6 Ke7 36. Rd1 Nb3 37. Rb1 Nd4 38. c5 Kd7 39. Rb6 a5 40. Rd6+
Kc7 41. Rxd4 Nd7 42. Nd3 e5 43. Rxd7+ Kxd7 44. Nxe5+ Ke6 45. c6 a4 46. Kf3 Kd6
47. Ke3 Kc7 48. Kd4 Kd6 49. Kc4 g4 50. Kb4 f4 51. gxf4 g3 52. Kb5 g2 53. Nf3
Kc7 54. Kc5 Kc8 55. Kd6 Kd8 56. c7+ Kc8 57. Ng1 Kb7 58. Kd7 Ka7 59. c8=Q Kb6
60. Kd6 Ka7 61. Qc6 Kb8 62. Qd7 Ka8 63. Kc6 1-0

[Event "DEM U12/U12w 2009"]
[Site "Willingen GER"]
[Date "2009.05.31"]
[Round "2"]
[White "Bonk, Andras"]
[Black "Myagkov, Kirill"]
[Result "1/2-1/2"]
[Termination "normal"]
[Board "9"]
[WhiteElo "1759"]
[BlackElo "1551"]
[PlyCount "81"]
[WhiteFideId "24692123"]
[BlackFideId "24657042"]
[EventCountry "GER"]
[EventRounds "11"]
[EventType "swiss"]
[EventDate "2009.05.30"]

1. e4 d5 2. exd5 Nf6 3. Nc3 Nxd5 4. Bc4 Nxc3 5. Qf3 e6 6. Qxc3 Qf6 7. Bb5+ c6
8. Qxf6 gxf6 9. Ba4 e5 10. d3 Rg8 11. g3 Bc5 12. Be3 Nd7 13. Ne2 Bxe3 14. fxe3
Nc5 15. Bb3 Nxb3 16. axb3 Bg4 17. Kd2 Bxe2 18. Kxe2 Ke7 19. e4 a6 20. Rhf1 h5
21. Kf2 Rg6 22. Kg2 h4 23. Rf3 hxg3 24. hxg3 Rh8 25. Rh1 Rgh6 26. Rff1 Ke6 27.
g4 Rh4 28. Rxh4 Rxh4 29. Kg3 Rh6 30. Kg2 Ke7 31. b4 Kd6 32. g5 Rg6 33. Rxf6+
Rxf6 34. gxf6 Ke6 35. Kf3 Kxf6 36. Kg4 b6 37. c3 c5 38. bxc5 bxc5 39. b3 a5 40.
Kh5 Kg7 41. Kg5 1/2-1/2

[Event "DEM U12/U12w 2009"]
[Site "Willingen GER"]
[Date "2009.05.31"]
[Round "2"]
[White "Müller, Constantin"]
[Black "Kvetny, Mark"]
[Result "0-1"]
[Termination "normal"]
[Board "10"]
[WhiteElo "1565"]
[BlackElo "1858"]
[PlyCount "52"]
[WhiteFideId "24697630"]
[BlackFideId "24603929"]
[EventCountry "GER"]
[EventRounds "11"]
[EventType "swiss"]
[EventDate "2009.05.30"]

1. e4 c5 2. Nc3 d6 3. f4 Nc6 4. Nf3 g6 5. Bc4 Bg7 6. O-O e6 7. d3 Nge7 8. Qe1
O-O 9. a3 Nd4 10. Nxd4 Bxd4+ 11. Kh1 Bg7 12. Ba2 Rb8 13. Be3 b5 14. Rb1 Nc6 15.
g4 b4 16. axb4 Nxb4 17. Bb3 Nxd3 18. cxd3 Rxb3 19. g5 f5 20. Rf3 Qb6 21. Bd2
Bb7 22. Rh3 Rxb2 23. Rc1 Qc6 24. Rd1 d5 25. Qh4 Kf7 26. Re3 d4 0-1

[Event "DEM U12/U12w 2009"]
[Site "Willingen GER"]
[Date "2009.05.31"]
[Round "2"]
[White "Tennert, Simon"]
[Black "Kasel, Ronaldo"]
[Result "1/2-1/2"]
[Termination "normal"]
[Board "12"]
[WhiteElo "1729"]
[BlackElo "1544"]
[PlyCount "118"]
[WhiteFideId "1270445"]
[BlackFideId "24660949"]
[EventCountry "GER"]
[EventRounds "11"]
[EventType "swiss"]
[EventDate "2009.05.30"]

1. e4 e5 2. Nf3 Nc6 3. Bb5 a6 4. Ba4 Nf6 5. O-O d6 6. Re1 Bg4 7. h3 Bh5 8. c3
Be7 9. d3 O-O 10. Nbd2 h6 11. Nf1 Rb8 12. Ng3 Bg6 13. Nh4 Re8 14. Nxg6 fxg6 15.
Bb3+ Kh7 16. Be3 Rf8 17. d4 Nd7 18. a4 Na5 19. Ba2 Bh4 20. d5 b6 21. b4 Nb7 22.
Bc4 a5 23. Bb5 Nf6 24. Qc2 Qe7 25. Nf1 Nh5 26. Nh2 Bg5 27. Nf3 Nf4 28. Nxg5+
Qxg5 29. Bxf4 Rxf4 30. Re3 Rbf8 31. Rf1 Rxf2 32. Rxf2 Qxe3 33. Qd2 Qxf2+ 34.
Qxf2 Rxf2 35. Kxf2 h5 36. Be8 Kh6 37. Kf3 Kg5 38. Bd7 Nd8 39. Be8 Kf6 40. g4
Nf7 41. Bxf7 Kxf7 42. g5 Ke7 43. Ke3 Kd7 44. Kd3 c6 45. dxc6+ Kxc6 46. Kc4 d5+
47. Kd3 Kd6 48. exd5 Kxd5 49. c4+ Kd6 50. bxa5 bxa5 51. Ke4 Kc5 52. Kxe5 Kxc4
53. Ke6 Kb4 54. Kf7 Kxa4 55. Kxg7 Kb3 56. Kxg6 a4 57. Kf7 a3 58. g6 a2 59. g7
a1=Q 1/2-1/2

[Event "DEM U12/U12w 2009"]
[Site "Willingen GER"]
[Date "2009.05.31"]
[Round "2"]
[White "Koop, Thorben"]
[Black "Kreyssig, Robert"]
[Result "1/2-1/2"]
[Termination "normal"]
[Board "13"]
[WhiteElo "1735"]
[BlackElo "1787"]
[PlyCount "68"]
[WhiteFideId "24661619"]
[BlackFideId "4662881"]
[EventCountry "GER"]
[EventRounds "11"]
[EventType "swiss"]
[EventDate "2009.05.30"]

1. Nf3 c5 2. c4 Nc6 3. Nc3 Nf6 4. g3 d5 5. cxd5 Nxd5 6. Bg2 e5 7. Nxe5 Nxe5 8.
Nxd5 Bd6 9. d3 O-O 10. O-O Ng6 11. Be3 Be6 12. Nc3 f5 13. f4 Qe7 14. Bf2 Rad8
15. Rc1 Kh8 16. Nb5 b6 17. Nxd6 Rxd6 18. b3 Bd5 19. Qc2 Bxg2 20. Kxg2 Re8 21.
Rfe1 Qd7 22. Rcd1 Rd8 23. Rd2 h6 24. Red1 Ne7 25. d4 Nc6 26. e3 cxd4 27. exd4
Rd5 28. a3 Qb7 29. Kg1 R8d6 30. b4 b5 31. Qc3 a6 32. Rc1 Qd7 33. Rcd1 Kh7 34.
Rd3 Kh8 1/2-1/2

[Event "DEM U12/U12w 2009"]
[Site "Willingen GER"]
[Date "2009.05.31"]
[Round "2"]
[White "Bluhm, Sonja Maria"]
[Black "Priese, Annika"]
[Result "1-0"]
[Termination "normal"]
[Board "14"]
[WhiteElo "1714"]
[BlackElo "1446"]
[PlyCount "111"]
[WhiteFideId "24654027"]
[BlackFideId "24673730"]
[EventCountry "GER"]
[EventRounds "11"]
[EventType "swiss"]
[EventDate "2009.05.30"]

1. e4 c5 2. Nf3 d6 3. d4 cxd4 4. Nxd4 Nf6 5. Nc3 a6 6. Bg5 Nbd7 7. Qd2 e5 8.
Nf5 Nc5 9. f3 g6 10. Nd5 Ncd7 11. Nfe3 Bg7 12. O-O-O O-O 13. Ng4 b5 14. Ndxf6+
Nxf6 15. Nxf6+ Bxf6 16. Bxf6 Qxf6 17. Qxd6 Be6 18. Qd2 Rfc8 19. a3 Bb3 20. Bd3
Ba2 21. Rdf1 Qc6 22. Qb4 Be6 23. g4 Ra7 24. Kb1 Rac7 25. h4 Bc4 26. Rc1 Qd7 27.
Rhd1 Qe6 28. h5 Qf6 29. Bxc4 Rxc4 30. Qb3 Qc6 31. Qd3 Rd4 32. Qb3 Rc4 33. Rd5
Kg7 34. Rxe5 Qf6 35. Rd5 Qe6 36. Qe3 Qc6 37. h6+ Kg8 38. Qd3 Kf8 39. Rd8+ Rxd8
40. Qxd8+ Qe8 41. Rd1 Rc8 42. Qxe8+ Kxe8 43. Rd6 Ra8 44. Rb6 Kd7 45. Kc1 Ke7
46. f4 Ra7 47. f5 g5 48. e5 Ra8 49. b3 Kf8 50. a4 bxa4 51. bxa4 a5 52. Rb5 Ke7
53. Kb2 Kd7 54. c4 Kc6 55. Kc3 Kd7 56. c5 1-0

[Event "DEM U12/U12w 2009"]
[Site "Willingen GER"]
[Date "2009.05.31"]
[Round "2"]
[White "Hirschmann, Jakob"]
[Black "Stolberg, Daniel"]
[Result "1-0"]
[Termination "normal"]
[Board "15"]
[WhiteElo "1678"]
[BlackElo "1412"]
[PlyCount "137"]
[WhiteFideId "24652067"]
[EventCountry "GER"]
[EventRounds "11"]
[EventType "swiss"]
[EventDate "2009.05.30"]

1. e4 c6 2. d4 g6 3. Be3 Bg7 4. Nf3 d5 5. exd5 cxd5 6. c4 Nf6 7. Nc3 dxc4 8.
Bxc4 O-O 9. O-O Bg4 10. h3 Bxf3 11. Qxf3 Nc6 12. Rfd1 Qc7 13. Rac1 Rad8 14. Bb3
Qb8 15. Bf4 e5 16. Bxe5 Nxe5 17. dxe5 Qxe5 18. Qxb7 Rxd1+ 19. Rxd1 Qc5 20. Na4
Qa5 21. Qf3 Nh5 22. g4 Qg5 23. h4 Qf4 24. Kg2 Qxf3+ 25. Kxf3 Nf6 26. g5 Nh5 27.
Rd7 Be5 28. Rxa7 Ng7 29. Nc5 Bxb2 30. Nd7 Rd8 31. Nf6+ Bxf6 32. gxf6 Nf5 33.
Bxf7+ Kf8 34. h5 g5 35. Bb3 Nd4+ 36. Kg2 Nxb3 37. axb3 Rd6 38. Rxh7 Rxf6 39.
Rb7 Rh6 40. b4 Rxh5 41. b5 Rh6 42. Kf3 Ke8 43. Kg4 Rf6 44. f3 Rf4+ 45. Kg3 Rb4
46. b6 Kd8 47. Rb8+ Kd7 48. Kh3 Rf4 49. Kg3 Rb4 50. Rg8 Rxb6 51. Rxg5 Ke8 52.
Kg4 Kf7 53. f4 Rb1 54. Rc5 Rb6 55. Kg5 Rg6+ 56. Kh5 Re6 57. f5 Re7 58. Kg5 Kf8
59. Kg6 Rg7+ 60. Kh6 Rf7 61. Kg5 Rg7+ 62. Kf4 Rf7 63. Rc6 Re7 64. Kg5 Re5 65.
Kf6 Re8 66. Rc7 Kg8 67. Kg6 Ra8 68. f6 Kf8 69. Rh7 1-0

[Event "DEM U12/U12w 2009"]
[Site "Willingen GER"]
[Date "2009.05.31"]
[Round "2"]
[White "Imcke, Patrick"]
[Black "Nitzsche, Pia"]
[Result "1-0"]
[Termination "normal"]
[Board "16"]
[WhiteElo "1711"]
[BlackElo "1350"]
[PlyCount "73"]
[WhiteFideId "4622502"]
[BlackFideId "12900370"]
[EventCountry "GER"]
[EventRounds "11"]
[EventType "swiss"]
[EventDate "2009.05.30"]

1. e4 c5 2. Nf3 d6 3. d4 cxd4 4. Nxd4 Nf6 5. Nc3 g6 6. f3 Bg7 7. Be3 O-O 8. Qd2
Nc6 9. g4 d5 10. g5 Nh5 11. exd5 Ne5 12. Be2 Qa5 13. Rg1 Qb4 14. O-O-O Nc4 15.
Bxc4 Qxc4 16. Nde2 a5 17. Bd4 a4 18. Ng3 Nxg3 19. hxg3 b5 20. Bxg7 Kxg7 21.
Qd4+ Qxd4 22. Rxd4 Ba6 23. Re1 Rfe8 24. Rb4 Rab8 25. a3 f6 26. Re6 Bc8 27.
gxf6+ Kf7 28. Rxe7+ Rxe7 29. fxe7 Kxe7 30. Nxa4 Kd6 31. Nc3 Kc5 32. Kd2 h5 33.
Ne4+ Kxd5 34. c4+ Kc6 35. Rxb5 Rxb5 36. cxb5+ Kb6 37. a4 1-0

[Event "DEM U12/U12w 2009"]
[Site "Willingen GER"]
[Date "2009.05.31"]
[Round "2"]
[White "Herbst, Timothy"]
[Black "Ruff, Maximilian"]
[Result "0-1"]
[Termination "normal"]
[Board "17"]
[WhiteElo "1416"]
[BlackElo "1651"]
[PlyCount "104"]
[WhiteFideId "12900346"]
[BlackFideId "1271670"]
[EventCountry "GER"]
[EventRounds "11"]
[EventType "swiss"]
[EventDate "2009.05.30"]

1. e4 e5 2. Bc4 Nc6 3. Nf3 Bc5 4. d3 d6 5. O-O Bg4 6. Bg5 Nf6 7. Nc3 Nd4 8. Nd5
Nxf3+ 9. gxf3 Bh5 10. Qe2 c6 11. Nxf6+ gxf6 12. Bh4 Qd7 13. Bg3 Qh3 14. Kh1
O-O-O 15. Rfe1 Rhg8 16. a4 Rg5 17. c3 f5 18. d4 f4 19. Qf1 Qxf1+ 20. Bxf1 Bxf3+
21. Kg1 exd4 22. Bg2 Bxg2 23. Bh4 Rgg8 24. Bxd8 Bxe4+ 25. Kf1 Bd3+ 26. Re2
Bxe2+ 27. Kxe2 Kxd8 28. b4 d3+ 29. Kf3 Bb6 30. Rd1 Bc7 31. Rxd3 d5 32. c4 Rg5
33. cxd5 Rxd5 34. Rxd5+ cxd5 35. h3 Ke7 36. Ke2 Ke6 37. f3 d4 38. Kd3 Kd5 39.
a5 a6 40. Kd2 Kc4 41. Kc2 d3+ 42. Kd2 Bd6 43. Kd1 Bxb4 44. Kc1 Bxa5 45. Kd1 b5
46. Kc1 b4 47. Kd1 b3 48. Kc1 d2+ 49. Kd1 Kd3 50. h4 b2 51. h5 b1=N 52. h6 Nc3#
0-1

[Event "DEM U12/U12w 2009"]
[Site "Willingen GER"]
[Date "2009.05.31"]
[Round "2"]
[White "Oltmanns, Bianca"]
[Black "Schmitt, Carsten"]
[Result "0-1"]
[Termination "normal"]
[Board "18"]
[WhiteElo "1234"]
[BlackElo "1624"]
[PlyCount "153"]
[WhiteFideId "24698008"]
[BlackFideId "24661040"]
[EventCountry "GER"]
[EventRounds "11"]
[EventType "swiss"]
[EventDate "2009.05.30"]

1. e4 c5 2. Nf3 e6 3. d4 cxd4 4. Nxd4 Nc6 5. Nc3 Bc5 6. Be3 Qb6 7. Nxc6 Bxe3 8.
fxe3 Qxe3+ 9. Qe2 Qxe2+ 10. Bxe2 dxc6 11. O-O-O Nf6 12. Rd2 O-O 13. Rhd1 g6 14.
g4 g5 15. Rh1 e5 16. h3 Be6 17. Kb1 Rad8 18. Rhd1 Rxd2 19. Rxd2 Nd7 20. Rd1 Nb6
21. b3 Nd7 22. Bf3 Nc5 23. Rd6 Re8 24. Be2 Re7 25. Rd1 Rd7 26. Rxd7 Bxd7 27.
Kc1 h5 28. Kd1 h4 29. Kd2 Ne6 30. Bf1 Nf4 31. Ne2 c5 32. c3 Bb5 33. c4 Bc6 34.
Ke3 b5 35. Kf3 b4 36. Ke3 a5 37. Nc1 a4 38. Kf3 Ne6 39. Be2 Nd4+ 40. Ke3 axb3
41. axb3 Nc2+ 42. Kf3 Kf8 43. Bd1 Nd4+ 44. Ke3 Ne6 45. Nd3 Nf4 46. Nf2 Ne6 47.
Nd3 Ke7 48. Nxe5 Bb7 49. Be2 f6 50. Nd3 Kd6 51. Bf3 Bc6 52. Be2 Nd4 53. Bd1 Bd7
54. Nf2 Kc6 55. Nd3 Be6 56. Nf2 Kd6 57. Nd3 Nc6 58. Be2 Na5 59. Bd1 Nxc4+ 60.
bxc4 Bxc4 61. Kd2 Bb5 62. Nf2 Ke5 63. Ke3 Kd6 64. Kd2 c4 65. Kc1 Kc5 66. Be2
Kd4 67. Kd1 Ba4+ 68. Ke1 c3 69. e5 fxe5 70. Nd3 b3 71. Kf2 b2 72. Nxb2 cxb2 73.
Kg2 b1=Q 74. Kh2 Qa2 75. Kg1 Qxe2 76. Kh1 Bc6+ 77. Kg1 0-1

[Event "DEM U12/U12w 2009"]
[Site "Willingen GER"]
[Date "2009.05.31"]
[Round "2"]
[White "Hansch, Stephan"]
[Black "Herbrig, Marie-Helen"]
[Result "1-0"]
[Termination "normal"]
[Board "19"]
[WhiteElo "1791"]
[BlackElo "1248"]
[PlyCount "135"]
[BlackFideId "12900427"]
[EventCountry "GER"]
[EventRounds "11"]
[EventType "swiss"]
[EventDate "2009.05.30"]

1. d4 Nf6 2. Nf3 d5 3. e3 e6 4. Bd3 Nc6 5. O-O Bd6 6. Nbd2 O-O 7. b3 Bd7 8. Bb2
Qe7 9. Ne5 Rfe8 10. a3 Bc8 11. f4 h6 12. c4 Qd8 13. c5 Be7 14. Bb5 Bd7 15. Bd3
b6 16. cxb6 cxb6 17. Ba6 Qc7 18. Rc1 Bd6 19. Nxc6 Bxc6 20. Qc2 Bd7 21. Qxc7
Bxc7 22. Rxc7 Red8 23. Bb7 Rab8 24. Ba6 Ra8 25. Nf3 Ne4 26. Rfc1 Nd6 27. Ne5
Be8 28. Nc6 Rd7 29. Rxd7 Bxd7 30. Ne5 Be8 31. Rc7 f6 32. Nc6 Bg6 33. Ne7+ Kh7
34. Nxg6 Kxg6 35. Bd3+ f5 36. Rc6 Rd8 37. g4 Kf6 38. gxf5 exf5 39. a4 Kf7 40.
Ba3 Ne8 41. Bxf5 Nf6 42. Rc7+ Kg8 43. Be7 Re8 44. Rc8 Kf7 45. Rxe8 Nxe8 46. Bb4
g6 47. Bd3 Nf6 48. h3 a5 49. Bd6 Ne8 50. Be5 g5 51. fxg5 hxg5 52. Kg2 Ke6 53.
Kf3 Nf6 54. Bxf6 Kxf6 55. Kg4 Kf7 56. Kxg5 Kg7 57. e4 dxe4 58. Bxe4 Kf7 59. h4
Kg7 60. d5 Kf7 61. h5 Kg7 62. d6 Kf7 63. h6 Kg8 64. d7 Kf7 65. d8=Q Ke6 66.
Qd5+ Ke7 67. h7 Kf8 68. h8=R+ 1-0

[Event "DEM U12/U12w 2009"]
[Site "Willingen GER"]
[Date "2009.05.31"]
[Round "2"]
[White "Bajorski, Maria Sophie"]
[Black "Peil, Christoph"]
[Result "0-1"]
[Termination "normal"]
[Board "20"]
[WhiteElo "1485"]
[BlackElo "1756"]
[PlyCount "44"]
[WhiteFideId "24654531"]
[BlackFideId "24651800"]
[EventCountry "GER"]
[EventRounds "11"]
[EventType "swiss"]
[EventDate "2009.05.30"]

1. e4 c5 2. Nf3 e6 3. Nc3 a6 4. d4 cxd4 5. Nxd4 Qc7 6. Be2 Nf6 7. O-O Nc6 8. f4
Nxd4 9. Bd3 Bc5 10. Kh1 d6 11. Qe1 Nd7 12. Qh4 b5 13. Qg5 O-O 14. f5 f6 15. Qg3
Ne5 16. a3 Qf7 17. Bd2 Qh5 18. Rf4 exf5 19. b4 Ba7 20. Nd5 Rf7 21. Rh4 Qg6 22.
Qh3 fxe4 0-1

[Event "DEM U12/U12w 2009"]
[Site "Willingen GER"]
[Date "2009.05.31"]
[Round "2"]
[White "Schröder, Jan-Christian"]
[Black "Weber, Sandra"]
[Result "1-0"]
[Termination "normal"]
[Board "21"]
[WhiteElo "1820"]
[BlackElo "1315"]
[PlyCount "43"]
[WhiteFideId "24662259"]
[BlackFideId "1270049"]
[EventCountry "GER"]
[EventRounds "11"]
[EventType "swiss"]
[EventDate "2009.05.30"]

1. e4 e5 2. Nf3 Nf6 3. d4 exd4 4. e5 Ne4 5. Qxd4 Nc5 6. Bc4 Be7 7. Qg4 g6 8.
Qd4 Nc6 9. Qd5 Ne6 10. Bh6 d6 11. exd6 Qxd6 12. Nc3 Bd7 13. O-O-O Qxd5 14. Nxd5
O-O-O 15. Nxe7+ Nxe7 16. Ng5 Nf5 17. Nxf7 Nxh6 18. Nxh8 Rxh8 19. Rxd7 Kxd7 20.
Rd1+ Kc6 21. Bxe6 Re8 22. Bd7+ 1-0

[Event "DEM U12/U12w 2009"]
[Site "Willingen GER"]
[Date "2009.05.31"]
[Round "2"]
[White "Michels, Kim"]
[Black "Nöttling, Dominik"]
[Result "0-1"]
[Termination "normal"]
[Board "23"]
[WhiteElo "1349"]
[BlackElo "1781"]
[PlyCount "60"]
[WhiteFideId "24690066"]
[BlackFideId "24672807"]
[EventCountry "GER"]
[EventRounds "11"]
[EventType "swiss"]
[EventDate "2009.05.30"]

1. d4 Nf6 2. Nf3 e6 3. e3 b6 4. Bd3 Bb7 5. O-O d5 6. b3 c5 7. Bb2 Bd6 8. Nbd2
O-O 9. c4 Qc7 10. Ne5 Nbd7 11. Ndf3 dxc4 12. Bxc4 Rad8 13. Qe2 Ne4 14. Rac1
Bxe5 15. dxe5 Bd5 16. Bd3 f6 17. Qc2 Qb7 18. Rfd1 Nxe5 19. Nxe5 fxe5 20. f3 Ng5
21. e4 Bc6 22. Bxe5 Rxf3 23. Bc4 Rxd1+ 24. Qxd1 Rf8 25. Qg4 Nxe4 26. Qxe6+ Kh8
27. Qh3 Qe7 28. Qh5 Rf2 29. Rd1 Rxg2+ 30. Kf1 Qf8+ 0-1

[Event "DEM U12/U12w 2009"]
[Site "Willingen GER"]
[Date "2009.05.31"]
[Round "2"]
[White "Mehling, Katharina"]
[Black "Volz, Alexander"]
[Result "0-1"]
[Termination "normal"]
[Board "24"]
[WhiteElo "1352"]
[BlackElo "1650"]
[PlyCount "52"]
[WhiteFideId "12900362"]
[BlackFideId "4669126"]
[EventCountry "GER"]
[EventRounds "11"]
[EventType "swiss"]
[EventDate "2009.05.30"]

1. e4 e5 2. Nf3 Nc6 3. d4 exd4 4. Nxd4 Bc5 5. Be3 Qf6 6. Nb5 Bxe3 7. fxe3 Qe5
8. N1c3 a6 9. Nd4 Nge7 10. Bc4 d6 11. O-O O-O 12. Qd3 Qg5 13. Rf3 Ne5 14. Qe2
Nxf3+ 15. Nxf3 Qg6 16. Rf1 Be6 17. Bxe6 fxe6 18. e5 d5 19. e4 c6 20. exd5 Nxd5
21. Nxd5 cxd5 22. Nd4 Rxf1+ 23. Kxf1 Rf8+ 24. Kg1 Rf4 25. Qe3 Qg4 26. c3 Qd1+
0-1

[Event "DEM U12/U12w 2009"]
[Site "Willingen GER"]
[Date "2009.05.31"]
[Round "2"]
[White "Faden, Maximilian"]
[Black "Xiong, Ferdinand"]
[Result "0-1"]
[Termination "normal"]
[Board "25"]
[WhiteElo "1325"]
[BlackElo "1815"]
[PlyCount "92"]
[BlackFideId "24654132"]
[EventCountry "GER"]
[EventRounds "11"]
[EventType "swiss"]
[EventDate "2009.05.30"]

1. d4 Nf6 2. c4 g6 3. Nc3 Bg7 4. e4 d6 5. Nf3 O-O 6. Bg5 h6 7. Be3 e5 8. d5 a5
9. Qd2 Ng4 10. Be2 Na6 11. a3 f5 12. h3 Nxe3 13. Qxe3 Nc5 14. h4 f4 15. Qd2 Nb3
16. Qd1 Nxa1 17. Qxa1 Bf6 18. Qd1 Bg4 19. O-O Bxf3 20. Bxf3 Bxh4 21. Bg4 h5 22.
Be6+ Kg7 23. Qf3 Kh6 24. Qh3 Qf6 25. f3 Bg3 26. Ne2 Qh4 27. Nxg3 Qxg3 28. Qxg3
fxg3 29. Rc1 b6 30. a4 Kg5 31. b3 Kf4 32. Rc3 g5 33. Rd3 Rae8 34. Rc3 Re7 35.
Rd3 Rg7 36. Rc3 Rh8 37. Bf5 g4 38. fxg4 hxg4 39. Rd3 Rg5 40. Kf1 Rh1+ 41. Ke2
Rg1 42. Re3 Rxg2+ 43. Kd3 Rb2 44. Re1 Rxb3+ 45. Kd2 Rh5 46. Rf1+ Rf3 0-1

[Event "DEM U12/U12w 2009"]
[Site "Willingen GER"]
[Date "2009.05.31"]
[Round "2"]
[White "Birnkraut, Tim"]
[Black "Schmücker, Felix"]
[Result "1-0"]
[Termination "normal"]
[Board "26"]
[WhiteElo "1328"]
[BlackElo "1657"]
[PlyCount "65"]
[WhiteFideId "24609587"]
[BlackFideId "12900273"]
[EventCountry "GER"]
[EventRounds "11"]
[EventType "swiss"]
[EventDate "2009.05.30"]

1. e4 Nf6 2. e5 Nd5 3. c4 Nb6 4. Nc3 d6 5. exd6 cxd6 6. d4 g6 7. Nf3 Bg7 8. Be3
O-O 9. Qd2 Re8 10. O-O-O Nc6 11. Bh6 Bh8 12. h4 Bg4 13. Qf4 Bxf3 14. Qxf3 Nxd4
15. Qe4 Nf5 16. h5 Nxh6 17. hxg6 Bg7 18. gxf7+ Kxf7 19. c5 d5 20. Qf3+ Kg8 21.
cxb6 Qxb6 22. Qxd5+ e6 23. Qg5 Nf5 24. Bd3 Qxf2 25. g4 Qe3+ 26. Qxe3 Nxe3 27.
Rde1 Nd5 28. Bxh7+ Kf8 29. Rhf1+ Bf6 30. Bg6 Re7 31. Nxd5 exd5 32. Rxf6+ Kg7
33. Ref1 1-0

[Event "DEM U12/U12w 2009"]
[Site "Willingen GER"]
[Date "2009.05.31"]
[Round "2"]
[White "Zimmermann, Christian"]
[Black "Koch, Elisabeth"]
[Result "1-0"]
[Termination "normal"]
[Board "27"]
[WhiteElo "1655"]
[BlackElo "1301"]
[PlyCount "93"]
[WhiteFideId "24692069"]
[BlackFideId "24695068"]
[EventCountry "GER"]
[EventRounds "11"]
[EventType "swiss"]
[EventDate "2009.05.30"]

1. e4 e5 2. Nf3 Nc6 3. Bc4 Nf6 4. Ng5 d5 5. exd5 Na5 6. Bb5+ c6 7. dxc6 bxc6 8.
Be2 h6 9. Nf3 e4 10. Ne5 Qd4 11. f4 Bc5 12. Rf1 Bd6 13. c3 Qb6 14. b4 Nb7 15.
Nc4 Qc7 16. Nxd6+ Nxd6 17. c4 O-O 18. c5 Nf5 19. Bb2 Nd5 20. Be5 Qd8 21. Kf2
e3+ 22. Kg1 Nxb4 23. Qa4 Nd4 24. Bd1 e2 25. Bxe2 Nbc2 26. Bxd4 Qxd4+ 27. Qxd4
Nxd4 28. Bd3 Ne6 29. Be4 Bd7 30. g3 Nxc5 31. Bxc6 Rad8 32. Bxd7 Rxd7 33. a4 Nb3
34. Ra2 Rfd8 35. Rd1 Nd4 36. Kf2 f5 37. Rb2 g5 38. fxg5 hxg5 39. Nc3 g4 40. Nb1
Nf3 41. h3 Rd4 42. hxg4 fxg4 43. Ra2 Kf7 44. Ke2 Ke6 45. Rh1 Kf5 46. Rh5+ Ke4
47. Nc3# 1-0

[Event "DEM U12/U12w 2009"]
[Site "Willingen GER"]
[Date "2009.05.31"]
[Round "2"]
[White "Scheel, Henrik"]
[Black "Fell, Fabian"]
[Result "1-0"]
[Termination "normal"]
[Board "28"]
[WhiteElo "1626"]
[BlackElo "1488"]
[PlyCount "63"]
[WhiteFideId "24692115"]
[BlackFideId "24698873"]
[EventCountry "GER"]
[EventRounds "11"]
[EventType "swiss"]
[EventDate "2009.05.30"]

1. e4 e5 2. Nf3 Nf6 3. Nc3 Nc6 4. d3 Bc5 5. Be2 d5 6. exd5 Nxd5 7. Ne4 Bb6 8.
a3 Bf5 9. c4 Bxe4 10. dxe4 Nf6 11. Qc2 Nd4 12. Nxd4 Bxd4 13. O-O Qe7 14. Bd2
O-O-O 15. Rad1 h5 16. b4 h4 17. c5 h3 18. c6 hxg2 19. cxb7+ Kxb7 20. Ba6+ Kb6
21. Rfe1 Ng4 22. Be3 Nxe3 23. Qa4 c5 24. bxc5+ Kc7 25. Qa5+ Kd7 26. Qb5+ Ke6
27. Qc6+ Rd6 28. cxd6 Qh4 29. d7+ Ke7 30. d8=Q+ Kxd8 31. Qd6+ Ke8 32. Bb5# 1-0

[Event "DEM U12/U12w 2009"]
[Site "Willingen GER"]
[Date "2009.05.31"]
[Round "2"]
[White "Reksten, Anne"]
[Black "Srokovskiy, Andrea"]
[Result "1-0"]
[Termination "normal"]
[Board "29"]
[WhiteElo "1176"]
[BlackElo "1809"]
[PlyCount "79"]
[WhiteFideId "24692778"]
[BlackFideId "4624947"]
[EventCountry "GER"]
[EventRounds "11"]
[EventType "swiss"]
[EventDate "2009.05.30"]

1. c4 c5 2. Nc3 e5 3. g3 Nf6 4. Bg2 Nc6 5. e3 d6 6. Nge2 Be6 7. d3 Be7 8. Nd5
O-O 9. O-O Qd7 10. Nec3 Bh3 11. a3 Bd8 12. Rb1 Bxg2 13. Kxg2 Nxd5 14. Nxd5 Ne7
15. b4 f5 16. Qf3 Qe6 17. Nxe7+ Qxe7 18. Qd5+ Rf7 19. bxc5 dxc5 20. Bb2 e4 21.
dxe4 Qxe4+ 22. Qxe4 fxe4 23. Rfd1 Bc7 24. Rd5 b6 25. Be5 Re8 26. Bxc7 Rxc7 27.
Rbd1 Ree7 28. h4 Kf7 29. g4 a6 30. a4 Rb7 31. Rb1 Ke6 32. Kf1 Red7 33. Rdd1 Rd6
34. Ke2 Ke5 35. f4+ exf3+ 36. Kxf3 Rf6+ 37. Ke2 Ke4 38. Rf1 Rd6 39. Rf5 Rbd7
40. Rb2 1-0

[Event "DEM U12/U12w 2009"]
[Site "Willingen GER"]
[Date "2009.05.31"]
[Round "2"]
[White "Fuchs, Linda"]
[Black "Schoepe, Tobias"]
[Result "0-1"]
[Termination "normal"]
[Board "30"]
[WhiteElo "1202"]
[BlackElo "1576"]
[PlyCount "50"]
[WhiteFideId "12900435"]
[BlackFideId "24692107"]
[EventCountry "GER"]
[EventRounds "11"]
[EventType "swiss"]
[EventDate "2009.05.30"]

1. e4 c5 2. c3 e6 3. d4 Qc7 4. Ne2 Be7 5. g3 d6 6. Bg2 Nf6 7. Qc2 Nc6 8. Be3
O-O 9. Nd2 b6 10. O-O-O Ba6 11. Nf4 cxd4 12. cxd4 Rac8 13. Kb1 Qd7 14. Qa4 Bb7
15. Rc1 Na5 16. Qa3 d5 17. Qd3 dxe4 18. Nxe4 Bxe4 19. Bxe4 Nxe4 20. Qxe4 Nc4
21. Rhd1 Qb5 22. Rc2 Na3+ 23. Kc1 Rxc2+ 24. Qxc2 Nxc2 25. Kxc2 Rc8+ 0-1